000 00686nam a2200181 i 4500
001 41616
003 ES-MaACL
005 20250717091856.0
007 t|
008 030311s1864 sp ||||1| spa d
100 1 _aCasals y de Echaúz, Buenaventura de.
_9200438
245 1 3 _aLa única anatomía fisiólogo-patológica fundada en un nuevo método de explorar el cuerpo humano, o la filosofía de la organización de éste /
_cdescubierta por Buenaventura de Casals y de Echaúz.
260 _aMadrid :
_b[s.n.],
_c1864 (
_fImp. de M. Rivadeneyra)
300 _a93 p. ;
_c23 cm.
650 7 _aAnatomía humana
_2embne
_99801
852 _aES-MaACL
_jT-71-F-9
999 _c41616
_d41616